[Event "Julian Borowski 1st"]
[Site "Essen"]
[Date "1999.04.05"]
[Round "9"]
[White "Zvjaginsev, Vadim"]
[Black "Fridman, Daniel"]
[Result "1-0"]
[WhiteElo "2658"]
[BlackElo "2529"]
[Annotator "Blatny,P"]
[PlyCount "81"]
[EventDate "1999.03.??"]
[EventType "tourn"]
[EventRounds "9"]
[EventCountry "GER"]
[EventCategory "14"]
[SourceTitle "CBM 071"]
[Source "ChessBase"]
[SourceDate "1999.08.01"]
[SourceVersion "1"]
[SourceVersionDate "1999.08.01"]
[SourceQuality "1"]

1. e4 e5 2. d4 exd4 3. Nf3 d6 4. Nxd4 (4. Qxd4 a6 $5 5. Bg5 Nc6 6. Qc3 Nf6 7.
Bxf6 Qxf6 8. Qxf6 gxf6 9. Nc3 f5 10. Nd5 Kd8 11. Ng5 Ne5 12. f4 h6 $11 {
Savon,V-Kuzmin,G Nikolaev zt 1993}) 4... Nf6 5. Nc3 (5. f3 $5 g6 6. c4 Bg7 7.
Nc3 O-O 8. Be3 c6 $13 {San Segundo,P-Rivas Pastor,M Madrid 1993}) 5... Be7 6.
g3 (6. Be2 O-O 7. O-O Re8 8. Re1 h6 9. a4 Bf8 10. Bc4 Nc6 11. Be3 Nb4 12. Nd5
Nbxd5 13. exd5 Bd7 $14 {Adams,M-Azmaiparashvili, Las Palmas 1993}) (6. Bc4 O-O
7. O-O a6 (7... Nbd7 8. Qe2 Ne5 9. Bb3 c5 10. Nf5 Bxf5 11. exf5 Qd7 12. Nd5 $13
{Polgar,J-Izeta,F, Madrid 1993}) 8. a4 Nxe4 9. Nxe4 d5 10. Bd3 dxe4 11. Bxe4
Bf6 12. Be3 Nd7 13. c3 Re8 14. Qc2 g6 15. Rfe1 $14 {Yudasin,L-Adams,M Dos
Hermanas 1993}) 6... O-O (6... d5 $5 {1/2-1/2 Kudrin,S-Chiburdanidze,M/
Kusadasi 1990/CBM 18 ext (12)}) (6... Bg4 7. Qd3 O-O 8. Bg2 Nbd7 9. h3 Nc5 10.
Qe3 Bc8 11. O-O $14 {0-1 Yandemirov,V-Kholmov,R/Voronezh 1988/EXT 99 (31)}) (
6... Bd7 7. Bg2 Nc6 (7... Qc8) 8. Nde2 O-O 9. O-O Ne5 10. f4 Nc6 11. h3 Qc8 12.
Kh2 $14 {1/2-1/2 Shamkovich,L-Kholmov,R/Kiev 1964/URS-ch (85)}) (6... Nc6 7.
Nxc6 bxc6 8. Bg2 O-O 9. O-O Rb8 10. b3 Nd7 11. Be3 $11 {0-1 Plaskett,
J-Lombardy,W/Vestmannaeyjum 1985/MCL (56)}) (6... c5 7. Nde2 Bg4 8. Bg2 Nc6 9.
h3 Be6 10. Nf4 Bc4 11. b3 Ba6 12. Bb2 Qa5 13. Nfe2 Nd7 14. Qd2 Bxe2 15. Nxe2
Qxd2+ 16. Kxd2 Bf6 $14 {_|_ 1-0 Bogoljubow,E-Nuernberg,F/Augsburg 1951/MCD (62)
}) 7. Bg2 Bd7 (7... Re8 8. O-O Bf8 9. h3 Na6 10. Re1 c6 11. Nde2 Nc5 12. Nf4
Qc7 13. a4 a5 14. b3 $13 {1-0 Shabalov,A-Zlotnikov,M/Philadelphia 1990/EXT 97 
(27)}) (7... c6 8. O-O Nbd7 9. Nf5 Ne5 10. Nxe7+ Qxe7 11. h3 Qc7 12. f4 Nc4 13.
Qe2 b5 14. a4 $36 {1/2-1/2 Lekic,D-Cabarkapa/Niksic 1996/EXT 99 (60)}) (7...
Nbd7 8. O-O Nc5 9. b3 Bg4 10. f3 Bd7 11. Bb2 a5 12. a4 $11 {1/2-1/2 Ochoa de
Echaguen,F-Suer,N/Luzern 1982/EXT 97-B (42)}) (7... Nc6 8. Nde2 Ne5 9. f4 Ng6
10. Be3 c6 11. Qd2 Qa5 12. Nd4 Bd7 13. O-O-O $132 {0-1 Salaun,Y-Kuzmin,G/
Cappelle 1994/EXT 99 (27)}) 8. h3 Nc6 9. Nde2 (9. Nxc6 Bxc6 $11) 9... Re8 10.
O-O Bf8 11. g4 {/\Ne2-g3-f5->>>} g6 12. Ng3 {/\Bg5} h6 13. Be3 Bg7 14. Qd2 Kh7
15. g5 $36 hxg5 16. Bxg5 Kg8 (16... Be6 17. f4 {/\f4-f5->}) 17. f4 (17. Nd5 Ne5
18. f4 Nc4 $132 {[%cal Gc4b2,Gc4d2,Gc4b6,Gb6d5]}) 17... Qc8 18. Bxf6 (18. f5
Nh7 $5) 18... Bxf6 19. f5 Qd8 {[%cal Gd8h4,Gh6d2,Gh8b2]} (19... g5 20. Nd5 Qd8
21. c3 {/\Nh5}) 20. Nd5 (20. fxg6 fxg6 21. Nge2 {/\Nf4-g6} Ne5 {[+]}) 20... Bg5
(20... Bxb2 21. Rab1 Be5 22. Rxb7 Rb8 23. fxg6 fxg6 24. Rxc7 {<->7}) 21. Qc3
Re5 22. Rf3 gxf5 (22... Re8 23. Raf1 {<->f}) 23. Nxf5 Bxf5 24. Rxf5 Rxf5 25.
exf5 Ne5 26. Rf1 (26. f6 Kh8 {[%cal Gd8g8,Gg8g1]}) 26... Kf8 (26... c6 27. Qg3
$5 $40) 27. f6 (27. Nxc7 Rc8 28. Ne6+ fxe6 29. fxe6+ Ke7 $17) 27... c6 (27...
Ng6 28. Qb4 $13 (28. Qxc7 Qxc7 29. Nxc7 Rc8 $15)) 28. Qg3 cxd5 (28... Bh6 29.
Qh4 cxd5 30. Qxh6+ $18) 29. Qxg5 Ke8 (29... Qb6+ $5) 30. Kh1 Kd7 (30... Rc8 $5)
31. Qd2 Qb6 32. Qxd5 Rc8 (32... Rh8 33. Rd1 Kc7 34. Rd4 $36) 33. Rd1 (33. Qxb7+
Qxb7 34. Bxb7 Rxc2 $11) 33... Rc5 (33... Rxc2 34. Qxe5 $18) 34. Qd2 (34. Qxb7+
Qxb7 35. Bxb7 Rxc2 $14) 34... Kc7 35. b3 Nd7 36. c4 Rf5 (36... Nxf6 37. Qf4 Nd7
38. b4 $40 (38. Qxf7 Re5 $16)) 37. b4 Rxf6 38. c5 Qb5 (38... Qa6 39. cxd6+ Rxd6
40. Qc1+ $16) 39. cxd6+ Kb8 40. Qc3 a6 41. Qc7+ (41. Qc7+ Ka7 42. a4 Qxb4 (
42... Qb6 43. Qxd7) (42... Qxa4 43. Qxb7#) 43. Qxd7 $18) 1-0

[Event "FRA-ch Final stage"]
[Site "Besancon"]
[Date "1999.08.24"]
[Round "1.3"]
[White "Vaisser, Anatoli"]
[Black "Degraeve, Jean Marc"]
[Result "1-0"]
[WhiteElo "2564"]
[BlackElo "2542"]
[Annotator "Blatny,P"]
[PlyCount "55"]
[EventDate "1999.08.23"]
[EventType "k.o."]
[EventRounds "2"]
[EventCountry "FRA"]
[SourceTitle "CBM 073"]
[Source "ChessBase"]
[SourceDate "1999.12.01"]
[SourceVersion "1"]
[SourceVersionDate "1999.12.01"]
[SourceQuality "1"]

1. d4 d6 2. e4 Nf6 3. Nc3 Nbd7 4. Nf3 e5 5. a4 Be7 6. Bc4 O-O 7. O-O c6 8. Re1
b6 9. d5 cxd5 10. Nxd5 Bb7 11. b3 Rc8 12. Re2 Nxd5 13. Bxd5 Bxd5 (13... Ba6 14.
c4 Nf6 15. Ba3 Qd7 16. Qd2 Nxd5 17. exd5 f5 18. Rae1 Bf6 19. h3 Rfd8 20. Nh2)
14. Qxd5 Nf6 15. Qd2 (15. Qd1 d5 16. exd5 e4 17. Ng5 Nxd5 18. Nxe4 Bb4 (18...
Bf6 19. Nxf6+ Qxf6 20. Bb2 Nc3 (20... Qxb2 21. c4) 21. Bxc3 Rxc3 22. Rc1) 19.
Bd2 Re8 (19... Qc7 20. c4) 20. Bxb4 Nxb4 21. Rd2 Qh4 22. Nd6) 15... Qc7 (15...
d5 16. exd5 e4 17. Ng5 (17. Ne1 Qxd5 18. Qxd5 Nxd5 19. Rxe4 Bf6) 17... Nxd5 18.
Nxe4 f5 19. Nd6 (19. c4 Nf4) (19. Ng3 Bf6 20. Nxf5 (20. Ra3 Bc3 21. Qd3 (21.
Qd1 Nf4) 21... Nb4 22. Qxd8 Rfxd8 23. Nf1 Rd1 24. Bd2 (24. Bf4 Rcd8 25. g3 Bb2)
24... Nxc2 25. Ra2 Nb4 26. Ra3 Bb2 27. Bxb4 Rcc1) 20... Rc5 (20... Bxa1 21.
Qxd5+ Qxd5 22. Ne7+ Kh8 23. Nxd5) 21. Ra3 Nf4 22. Ne3 (22. Ng3 Bg5 23. Qxd8 (
23. Re3 Rd5 24. Qb4 Rd1+ 25. Re1 (25. Nf1 Rxc1) 25... Qd4) 23... Nxe2+ 24. Nxe2
Rxd8 25. f4 Rxc2) 22... Bc3 23. Qxd8 Rxd8 (23... Nxe2+ 24. Kf1 Rxd8 25. Kxe2)
24. Kf1 Re5 25. g3 Rxe3 26. fxe3 Rd1+ 27. Kf2 Nxe2 28. Kxe2 Rxc1) 19... Qxd6
20. Ba3 Nb4 (20... Qd8 21. Bxe7 Nxe7 22. Qxd8 Rfxd8 23. Rxe7 Rxc2 24. Rxa7) (
20... Rc5 21. Bxc5 bxc5 (21... Qxc5 22. Re5 Rd8 23. Rd1) 22. Rxe7 Qxe7 23.
Qxd5+) 21. Qe1 Qg6 (21... Rf7 22. c3) (21... Qf6 22. c3 Nd3 (22... Qxc3 23.
Rxe7 Qxe1+ (23... Nc2 24. Qxc3 Rxc3 25. Bb2 Nxa1 (25... Rxb3 26. Rxg7+ Kh8 27.
Be5) 26. Bxc3 Rc8 27. Rxg7+ Kf8 28. Rg3 Nxb3 29. Bg7+ Kf7 30. Bh6) 24. Raxe1
Nc6 (24... Nc2 25. Bb2)) 23. Bxe7 Nxe1 24. Bxf6 Rxf6 25. Raxe1 Rxc3) 22. Bxb4
Bxb4 23. Qxb4 f4 24. f3 Rxc2) 16. c4 a6 17. Ba3 Rfd8 18. h3 Qb7 19. Rae1 Bf8 (
19... b5 20. cxb5 axb5 21. a5) 20. Bb2 b5 21. cxb5 axb5 22. a5 d5 23. Nxe5 Nxe4
(23... dxe4 24. Qf4) 24. Qf4 Ra8 (24... f6) 25. Ng4 Ra6 (25... Bb4 26. Rxe4
dxe4 27. Nh6+ gxh6 (27... Kf8 28. Bxg7+ Kxg7 29. Qg5+ Kf8 30. Qg8+ Ke7 31.
Qxf7+ Kd6 32. Qxb7 Bxe1 33. Nf7+) (27... Kh8 28. Bxg7+) 28. Qg4+ Kf8 29. Bg7+
Ke8 30. Rxe4+ Be7 31. Bf6 Rd1+ 32. Kh2 Qxe4 33. Qxe4 Ra7 34. a6 Rd8 35. Bxe7
Rxe7 36. Qc6+) (25... Bd6 26. Qf5 Bb4 27. Rxe4) 26. Rd1 Re6 (26... Bd6 27. Qf5)
27. Rxe4 Rxe4 28. Nf6+ (28. Nf6+ gxf6 29. Qg3+ Bg7 30. Bxf6) 1-0

[Event "Linares Anibal op 07th"]
[Site "Linares"]
[Date "2000.01.15"]
[Round "9"]
[White "Reinaldo Castineira, Roi"]
[Black "Galego, Luis"]
[Result "1-0"]
[WhiteElo "2325"]
[BlackElo "2427"]
[Annotator "Blatny,P"]
[PlyCount "63"]
[EventDate "2000.01.07"]
[EventType "swiss"]
[EventRounds "10"]
[EventCountry "ESP"]
[SourceTitle "CBM 075"]
[Source "ChessBase"]
[SourceDate "2000.04.05"]
[SourceVersion "1"]
[SourceVersionDate "2000.04.05"]
[SourceQuality "1"]

1. e4 d6 2. d4 c6 3. Nc3 e5 4. Nf3 Nd7 5. Bc4 Be7 (5... Ngf6 $4 6. dxe5 dxe5 (
6... Nxe5 7. Nxe5 dxe5 8. Bxf7+ Ke7 9. Qxd8+ $18) 7. Ng5 $18) 6. O-O Ngf6 7.
Qe2 b5 (7... O-O 8. dxe5 (8. Rd1 Qc7 9. h3 b5 10. Bb3 b4 11. Nb1 a5 12. dxe5
dxe5 13. c3 Nc5 $11 {Weisenburger,T-Gasthofer,A/GER-chJMC 1999/EXT 2000/0-1 
(41)}) 8... dxe5 9. Rd1 Qc7 10. a4 Nc5 11. Nh4 g6 12. Bh6 Re8 13. Nf3 Ne6 14.
Ng5 Nxg5 15. Bxg5 Nh5 16. Bxe7 Nf4 17. Qe3 {Sanchez Almeyra,J-Hodgson,J/Biel
op 1992/CBM 31 ext/1/2-1/2 (49)}) 8. Bb3 a6 9. Rd1 (9. a4 b4 10. Nb1 O-O 11. a5
Qc7 12. Nbd2 exd4 13. Nxd4 Nc5 14. f3 Ra7 15. Kh1 Re8 16. Qf2 Rb7 17. Ba2 d5
18. exd5 cxd5 {Paoli,E-Barendregt,J/Liberation tourn 1971/EXT 99/1/2-1/2 (78)})
9... Qc7 10. a4 b4 11. dxe5 (11. Qc4 $5 Rf8 (11... O-O 12. Qxb4 {[%cal Gb4e7]})
12. Nd5 (12. Qxb4 $143 d5 13. Nxd5 cxd5 $19) 12... Nxd5 13. exd5 $16) 11...
dxe5 (11... Nxe5 12. Nxe5 dxe5 13. Qc4 $5 {/\Nd5}) 12. Ng5 (12. Qc4 O-O 13. Nd5
Nxd5 14. exd5 Bb7 $132) 12... Nc5 (12... bxc3 $2 13. Bxf7+ Kf8 (13... Kd8 14.
Ne6#) 14. Ne6+ Kxf7 15. Nxc7 $18) (12... O-O 13. Bxf7+ Rxf7 14. Qc4 $18) (12...
Rf8 $142 13. Bxf7+ Rxf7 14. Qc4 Rf8 $8 15. Ne6 Qb7 16. Nxg7+ Kd8 17. Ne6+ Ke8
$13) 13. Bxf7+ Kf8 14. Qc4 $1 {/\Bh5} bxc3 $6 (14... Bd6 $142 15. Bg6 (15. Qxb4
$6 h6 $1) 15... Nb7 (15... hxg6 16. Rxd6 $1 Ke7 17. Be3 bxc3 18. Bxc5 $18) 16.
Bf5 Na5 $1 (16... Bxf5 17. exf5 Nd8 18. Nce4 $18) (16... bxc3 17. Bxc8 $18 {
[%csl Ge6]}) 17. Qa2 h6 18. Ne6+ Bxe6 19. Qxe6 bxc3 $13) 15. Bg8 (15. Bh5 Be6
16. Qxe6 Nxe6 17. Nxe6+ Kg8 18. Nxc7 $18) 15... Be6 (15... Nd5 16. exd5 cxb2 (
16... Kxg8 17. d6+ $18) (16... Rxg8 17. d6 (17. Nxh7+ Ke8 18. d6 Be6 19. Qxc5
$18) 17... Bxg5 18. dxc7 $18) 17. dxc6 Ne6 18. Nxe6+ Bxe6 19. Qxe6 Ba3 20. Bxb2
Bxb2 $18 21. Rd7 $18) 16. Bxe6 h6 17. Bg8 Bd6 18. Nf7 (18. Rxd6 hxg5 19. bxc3
Nfxe4 (19... Rxg8 20. Qxc5 $18) 20. Rxc6 Qd7 21. Ba3 $18) 18... Rxg8 19. Nxd6 (
19. Rxd6 Ncxe4 (19... Qxf7 20. Qxc5 Qe7 21. bxc3 Nxe4 22. Qxc6 $18) 20. Nxe5
Nxd6 21. Qe6 $40) 19... Nb7 20. Nxb7 Qxb7 21. bxc3 {[%csl Gf8][%cal Gc1a3,
Ga3f8,Gc4g8,Gd1d8]} g5 22. Qb4+ (22. Rb1 $1 Qc7 23. Ba3+ Kg7 24. Bd6 $18) 22...
Qxb4 23. cxb4 Ke7 (23... Nxe4 24. Bb2 $36) 24. Bb2 Ke6 25. Rd3 Rab8 (25... Nxe4
26. Re1 $18) 26. Rad1 Nxe4 (26... Rxb4 $5 27. Rd6+ Kf7 28. Bxe5 $40) 27. f3 Nf6
(27... Rxb4 28. Ba3 $18) 28. Rd6+ Kf7 (28... Kf5 29. g4+ Nxg4 (29... Kf4 30.
Rxf6+ Ke3 31. Bc3 {/\#}) 30. fxg4+ Kxg4 31. Bc3 $18) 29. Bxe5 Nd5 30. Rxc6 Nxb4
(30... Rb6 31. Rxb6 Nxb6 32. Rd6 $18) 31. Rf6+ Ke7 32. Rxh6 {[%csl Gb4,Gb8,Rd6,
Ge7][%cal Ge5b8,Ge5d6,Gd6b4,Gd6e7]} 1-0

[Event "Lazne Bohdanec"]
[Site "Lazne Bohdanec"]
[Date "1995.??.??"]
[Round "6"]
[White "Blatny, Pavel"]
[Black "Barbero, Gerardo F"]
[Result "1-0"]
[WhiteElo "2485"]
[BlackElo "2500"]
[Annotator "Blatny,P"]
[PlyCount "105"]
[EventDate "1995.01.??"]
[EventType "tourn"]
[EventRounds "11"]
[EventCountry "CZE"]
[EventCategory "10"]
[SourceTitle "CBM 045"]
[Source "ChessBase"]
[SourceDate "1995.04.01"]
[SourceVersion "1"]
[SourceVersionDate "1995.04.01"]
[SourceQuality "1"]

1. e4 e5 2. Nf3 d6 3. Bc4 Be6 $6 $146 4. Bxe6 fxe6 5. d4 exd4 6. Nxd4 Nf6 $5 (
6... e5 7. Ne6 Qe7 8. Nxf8 Qxf8 9. O-O $16) 7. c3 $1 {/\Qb3} (7. Nxe6 $2 Qe7 8.
Nxf8 Qxe4+ $13) 7... e5 $8 8. Ne6 Qd7 9. Qb3 c6 (9... Nc6 $2 10. Qxb7 Rb8 11.
Qxc7 $18) 10. O-O Nxe4 11. Re1 d5 (11... Nf6 12. f4 $1 e4 $8 13. f5 $40) 12.
Rxe4 $1 dxe4 (12... Qxe6 13. Qxb7 dxe4 14. Qxa8 Bd6 15. Be3 $18) 13. Be3 Na6
14. Nd2 Nc7 $8 15. Nxf8 Rxf8 16. Nxe4 Qd5 $8 (16... O-O-O $4 17. Nc5 $18) 17.
Bc5 $1 Qxe4 (17... Qxb3 18. axb3 Rf4 19. Nd6+ Kd7 20. Nxb7 {/\Na5,Rd1,b4 +/=/+/
- _|_}) 18. Bxf8 O-O-O $1 (18... Kxf8 19. Qxb7 $18 {_|_}) 19. Bxg7 Nd5 20. Bh6
Rd6 $1 (20... Rg8 21. g3 Rg6 22. Bd2) 21. c4 $1 $8 (21. Bf8 $2 Nf4 22. f3 Qe2
$19) (21. Bd2 Qe2 22. Be1 (22. Bg5 $2 Rg6) (22. Rd1 $2 Nf4 $19) 22... Rg6 $1 {
/\Ne3-+} 23. g3 Nf4 $40) 21... Rxh6 22. cxd5 Qxd5 23. Qe3 $14 Rg6 24. g3 Qd4
25. Qe2 Rf6 26. Re1 $6 (26. Rc1 $142 $1 {/\Rc3-e3 ->Pe5}) 26... Rf5 27. Qc2 $2
(27. Rc1 $1) 27... Rf3 $1 28. Kg2 e4 $1 29. Qe2 Kc7 30. b3 c5 31. Rc1 b5 $1 32.
h4 (32. a4 a6) 32... Kb6 33. Re1 a6 34. h5 h6 35. Rh1 $1 Rd3 36. Rh4 $1 Rd2 37.
Qe1 Rxa2 38. Rxe4 Rxf2+ 39. Kh3 Qd7+ $6 $138 (39... Qd2 $142 40. Re6+ Ka5 41.
Qxd2+ Rxd2 42. Rxh6 $13) 40. Re6+ $1 Ka7 41. Qe5 Kb7 $1 (41... Rc2 $2 42. Qf5
$1 $18) 42. Qe4+ Ka7 43. Qe5 (43. g4 Rf4 $1) 43... Kb7 44. b4 $3 cxb4 45. Qe4+
Kb8 (45... Ka7 46. Qe3+ Ka8 (46... Kb7 47. Qb6+) 47. g4 $18) 46. g4 Rf3+ 47.
Kh4 Rf7 (47... Qd8+ 48. Re7 $18) 48. Rxa6 Qd8+ (48... Qe7+ 49. Qxe7 Rxe7 50.
Rxh6 b3 51. Rd6 b2 52. Rd1 $18) 49. Kh3 Ra7 50. Qe5+ Ka8 51. Rd6 $1 $18 Ra3+
52. Kg2 Qc8 (52... Ra2+ 53. Kg1 $18) 53. Qd5+ (53. Qd5+ Qb7 (53... Ka7 54. Rd7+
Kb6 55. Qd4+ $18) 54. Rd8+ Ka7 55. Rd7 $18) 1-0

[Event "Nordic-ch VISA"]
[Site "Reykjavik"]
[Date "1997.10.11"]
[Round "4"]
[White "Stefansson, Hannes"]
[Black "Gretarsson, Helgi Ass"]
[Result "1-0"]
[WhiteElo "2545"]
[BlackElo "2475"]
[Annotator "Blatny,P"]
[PlyCount "57"]
[EventDate "1997.10.08"]
[EventType "tourn"]
[EventRounds "13"]
[EventCountry "ISL"]
[EventCategory "10"]
[SourceTitle "CBM 062"]
[Source "ChessBase"]
[SourceDate "1998.01.31"]
[SourceVersion "1"]
[SourceVersionDate "1998.01.31"]
[SourceQuality "1"]

1. e4 e5 2. Nf3 d6 3. d4 Nf6 4. Nc3 Nbd7 5. Bc4 Be7 6. O-O O-O 7. Re1 c6 8. a4
b6 9. d5 Bb7 10. dxc6 Bxc6 {[%csl Gb5,Rb6,Gc4,Rc5,Rd4,Yd5,Rd6,Ge4,Re5,Rf4,Gf5]}
11. Bg5 Rc8 (11... Ne8 12. Bxe7 Qxe7 13. Bd5 Bxd5 14. Nxd5 Qd8 15. Nd2 Rc8 16.
Nf1 Ndf6 17. Nfe3 Nxd5 18. Nxd5 Nf6 19. Nxf6+ Qxf6 20. Qd3 Qe6 21. b3 f5 22.
exf5 Qxf5 23. Qxf5 Rxf5 24. c4 a5 25. Rad1 Rc6 26. Rd3 {Degraeve,J-Chomet,P/
FRA-ch 1996/EXP 54/1/2-1/2 (52)}) (11... h6 12. Bxf6 Nxf6 13. Qd3 g6 14. a5 (
14. Nd2 Kg7 15. Bd5 Nxd5 16. Nxd5 Bg5 17. Nc4 $14 {1-0 Kindermann,S-Plachetka,
J/Trnava 1987 (39)}) 14... bxa5 15. Nd5 Nxd5 16. Bxd5 $44 {1-0 Smagin,
S-Prodanov,D/Dortmund op 1990 (32)}) (11... a6 12. Bxf6 Nxf6 13. Nd5 Nxd5 14.
Bxd5 Rc8 15. c3 Qd7 16. Bxc6 Qxc6 17. Qd3 Qc4 18. Red1 Qxd3 19. Rxd3 f5 $132 {
1/2-1/2 Jansa,V-Mokry,K/Trnava 1987 (40)}) 12. b3 (12. Bxf6 Nxf6 13. Qd3 Qc7
14. Bb3 Qb7 15. Rad1 a6 16. Bc4 Ra8 17. b3 Rfb8 18. Bd5 b5 19. axb5 axb5 20.
Bxc6 Qxc6 21. Ra1 Rxa1 22. Rxa1 Rc8 23. Nd5 {1/2-1/2 Siepelt,H-Roesch,A/
BL2-O9697 1997/BL2-O}) (12. Qd2 Qc7 13. b3 Rfe8 14. Rad1 Qb7 15. Qe2 Qa8 16.
Bxf6 Nxf6 $11 {0-1 Mirschinka,D-Lorenz,G/Karl-Marx-Stadt 1990/EXP 18 (35)})
12... h6 13. Bxf6 (13. Bc1 {/\Ba3,13...Nc5}) 13... Nxf6 14. Qe2 g6 (14... Qd7 {
/\Qb7,Rfd8}) 15. Nd2 Qc7 (15... Nh5 $5 {/\Kg7,f5}) 16. Rad1 Rcd8 17. Nf1 Kg7 (
17... Nxe4 18. Nxe4 d5) 18. Nd5 Nxd5 19. Bxd5 $14 Bd7 20. Ne3 Bg5 21. Rd3 b5 $2
(21... f5 $142) 22. axb5 Bxb5 23. c4 Be8 24. Ra1 Qc5 25. Qe1 $1 $16 Rd7 26. b4
Qb6 27. b5 Rc7 28. Qb4 Bxe3 29. Rxe3 {/\קa7 +-} 1-0

[Event "Drury Lane"]
[Site "London"]
[Date "1997.06.22"]
[Round "7"]
[White "Emms, John M"]
[Black "Summerscale, Aaron"]
[Result "1-0"]
[WhiteElo "2535"]
[BlackElo "2500"]
[Annotator "Blatny,P"]
[PlyCount "47"]
[EventDate "1997.06.16"]
[EventType "tourn"]
[EventRounds "9"]
[EventCountry "ENG"]
[EventCategory "10"]
[SourceTitle "CBM 060"]
[Source "ChessBase"]
[SourceDate "1997.09.29"]
[SourceVersion "1"]
[SourceVersionDate "1997.09.29"]
[SourceQuality "1"]

1. e4 {Petursson} d6 2. d4 e5 3. Nf3 exd4 4. Nxd4 {[%csl Rc5,Yd5,Ye4,Re5,Gf5]}
g6 5. Nc3 Bg7 6. Be3 Nf6 7. Qd2 (7. f3 O-O 8. Qd2 d5 9. exd5 Nxd5 10. O-O-O
Nxe3 11. Qxe3 Re8 12. Qf2 Qg5+ $11 {0-1 Sanz Alonso,F-Dreev,A/Oviedo rapid
1991 (25)}) 7... O-O 8. O-O-O {[%cal Ge3h6,Gd4f5,Gh2h5]} Re8 (8... a6 9. f3 b5
10. Bg5 Qe8 11. Re1 Bb7 12. Nd5 Nxd5 13. exd5 Qc8 14. Bh6 Re8 15. Bxg7 Kxg7 16.
h4 Rxe1+ 17. Qxe1 Qd8 18. h5 Qg5+ $11 {Hellers,F-Nielsen,J/Copenhagen PC 1991/
1/2-1/2 (67)}) 9. f3 Nc6 (9... a6 10. Bh6 Bh8 11. Bg5 Nc6 12. Nxc6 bxc6 13. h4
Qe7 14. h5 $40 {1-0 Groszpeter,A-Varga,Z/Szekszard op 1994 (19)}) 10. h4 (10.
g4 $5 Nxd4 $6 11. Bxd4 c5 12. Bf2 $1 $146 Qa5 13. Qxd6 {+/- Nisipeanu,
L-Negulescu,A/Romania 1995}) (10. Bh6 Nxe4 11. Nxe4 Bxd4 12. h4 Bf5 13. Nc3 Qf6
14. h5 Qe5 15. hxg6 Bxg6 16. Bd3 Qa5 17. Kb1 Bxc3 18. bxc3 Ne5 $17 {0-1
Canfell,G-Kagan,N/AUS-ch op 1993 (47)}) 10... Ne5 (10... Nxd4 11. Bxd4 Be6 12.
h5 c5 13. Be3 Qa5 $5 14. hxg6 fxg6 15. Bh6 Bh8 16. Bb5 Red8 17. Qe2 {+/=
Chernov,V-Negulescu,A/Romania 1995}) (10... h5 11. Bg5 Ne5 12. Nde2 Be6 13. Nf4
Qc8 14. Be2 a6 15. Rdg1 b5 16. Ncd5 Nxd5 17. Nxd5 Bxd5 18. Qxd5 Qe6 $14 {
1-0 Novik,M-Harari,Z/Dortmund op-A 1993 (39)}) 11. Bh6 Bh8 12. h5 (12. Bg5 a6
13. h5 b5 14. Kb1 Bb7 15. Nd5 c5 16. Nxf6+ Bxf6 17. Bxf6 Qxf6 18. Ne2 d5 $132 {
0-1 Santo-Roman,M/Mandelieu la Napoule 1992 (39)}) 12... Nxh5 13. g4 Ng3 14.
Rh3 (14. Bb5 Nxh1 15. Bxe8 Qxe8 16. Rxh1 $13) 14... Nxf1 15. Rxf1 c5 (15... c6
16. Rfh1 $40) 16. Nf5 Nc4 (16... gxf5 17. gxf5 Bf6 18. Rfh1 {/\Nd5->}) 17. Qd3
Be6 (17... Ne5 18. Qxd6 $6 gxf5 19. Qxd8 Rxd8 20. gxf5 Bf6 21. Nd5 Rxd5 22.
Rg1+ Kh8 23. exd5 Bxf5 $19) 18. Bf4 Qb6 (18... gxf5 19. gxf5 Be5 20. Rg1+ Kh8
21. Bxe5+ Nxe5 22. Qd2 $16) 19. b3 Ne5 20. Qd2 (20. Nh6+ Kf8 21. Qd2 c4 $132)
20... Bxf5 (20... gxf5 21. gxf5 Ng6 $13) 21. gxf5 Qb4 22. Rxh7 $1 (22. Rfh1 Nc4
23. bxc4 Bxc3 $132) 22... Kxh7 (22... Qa3+ {Petursson} 23. Kb1 Kxh7 24. Rh1+
Kg7 25. f6+ Kxf6 26. Qxd6+ Re6 27. Bxe5+ Kg5 28. Qd2#) 23. Rh1+ Kg8 (23... Kg7
24. f6+ Kxf6 (24... Kg8 25. Rxh8+ Kxh8 26. Qh2+ Kg8 27. Qh6 Nd3+ 28. Kb1 $18)
25. Qxd6+ Kg7 26. Bxe5+ Rxe5 27. Qxe5+ f6 28. Qe7+ Kg8 29. Rh6 Bg7 30. Rxg6
Qa3+ 31. Kb1 $18) 24. Rxh8+ (24. Rxh8+ {BLACK RESIGNED because of} Kxh8 (24...
Kg7 {Petursson} 25. f6+ Kxf6 26. Qxd6+ Kg7 27. Bh6+ Kxh8 28. Qf6+ Kg8 29. Qg7#)
25. Bxe5+ Kg8 (25... dxe5 26. Qh6+ Kg8 27. f6 $18) (25... Rxe5 26. Qh6+ Kg8 27.
f6 $18) 26. Qh6 Qa3+ 27. Kb1 Qxa2+ 28. Nxa2 f6 29. Qxg6+ Kf8 30. Qxf6+ Kg8 31.
Qg7#) (24. Qh2 $2 {Petursson} Bg7) 1-0

[Event "GER-ch 70th"]
[Site "Bremen"]
[Date "1998.11.06"]
[Round "1"]
[White "Slobodjan, Roman"]
[Black "Telljohann, Sven"]
[Result "1-0"]
[WhiteElo "2575"]
[BlackElo "2410"]
[Annotator "Blatny,P"]
[PlyCount "57"]
[EventDate "1998.11.06"]
[EventType "swiss"]
[EventRounds "9"]
[EventCountry "GER"]
[SourceTitle "CBM 068"]
[Source "ChessBase"]
[SourceDate "1999.02.01"]
[SourceVersion "1"]
[SourceVersionDate "1999.02.01"]
[SourceQuality "1"]

1. e4 e5 2. Nf3 Qe7 {Diese Partie ist eine gutes Beispiel dafür, dass man
gegen altbekannte strategische Regeln nicht verstossen soll. Weiss reagiert
auf den schwarzen verdächtigen Aufbau mit ruhiger Entwicklung und zwingt
seinen Gegner zu weiteren Tempoverlusten.} 3. Bc4 d6 4. Nc3 c6 5. d4 h6 6. a4
a5 {Weil der 6. Zug von Weiss eher gegen ein mögliches b5 zielt, sollte
Schwarz versuchen, sich diesen weiteren Bauernzug zu ersparen und an die
Entwicklung der eigenen (Leicht)-Figuren denken.} (6... Bg4 $5 {/\Nbd7,Nf6}) 7.
b3 $1 {Nutzt die schlechte Plazierung von De7 zu weiterem Tempogewinn wegen
der Drohung La3.} Qf6 {Besser sieht} (7... Nf6 {und erst auf eventuelles} 8.
Ba3 Qc7 {, und die schwarze Stellung ist zwar passiv und nicht entwickelt,
aber immer noch relativ fest und ohne grosse Schwächen.}) 8. h3 Ne7 9. Be3 Nd7
10. Qd2 g5 $6 {[%csl Rf5,Rh5][%cal Gc3e2,Ge2g3,Gg3f5,Gg3h5] Schwarz versucht
seinen eingesperrten Läufer zu entwickeln, schwächt aber gleichzeitig f5 und
h5, was Weiss einen einfachen weiteren Plan gibt.} (10... g6 $142) 11. dxe5
dxe5 $8 (11... Nxe5 12. Nxe5 dxe5 13. Rd1 Be6 14. Bb6 Ng6 15. Nb5 $1 Bb4 16.
Nc7+ Kf8 17. c3 $18) 12. Rd1 $1 (12. Nh2 Ng6 13. Ng4 Qd6 $1 $14) 12... Ng6 13.
Ne2 $1 {Weiss pariert die unangenehme Fesselung durch Lb4 und bringt den
Springer zu seinen Aufgaben gegen den Schwächen f5 und h5.} Be7 $2 {Durch} (
13... Nf4 $5 {könnte Schwarz einen Figurentausch erzwingen und seine defensive
Aufgaben wesentlich leichter machen.}) 14. Ng3 Nf4 15. Kf1 Rg8 $6 (15... O-O)
16. Nf5 Bb4 17. c3 Bf8 {Die "altbekannten Regeln" besagen, dass man mit
grossem Entwicklungsvorsprung die Stellung öffnen soll...} 18. h4 $1 Ne6 (18...
g4 19. Nxe5 Nxe5 20. Bxf4 $18) 19. hxg5 hxg5 20. Rh7 (20. Nd6+ Bxd6 21. Qxd6
$18) 20... Ndc5 21. Nxg5 $1 (21. Bxc5 Bxc5 22. Nh6 Rf8 23. Ng4 $18) 21... Rxg5
22. Bxg5 Qxg5 (22... Nxg5 $2 23. Qxg5 $1 Qxg5 24. Bxf7#) 23. Nd6+ Bxd6 24. Qxd6
{Materiell sieht noch alles in Ordnung für Schwarz aus, aber die Aktivität der
weissen Schwerfiguren wird eine entscheidende Rolle spielen.} Qf6 (24... Qg8
25. Rh5 $18) 25. Bxe6 Nxe6 $8 26. Rd3 $18 {Gegen Th3 gibt's keine Rettung.} Qe7
27. Rh8+ Nf8 28. Rxf8+ $1 Kxf8 29. Qh6+ (29. Qh6+ Ke8 30. Qh8+ Qf8 31. Rd8+)
1-0